000 00650nam a22002417a 4500
001 BR7375220
003 BR-BrBNA
005 20230928084412.0
007 ta
008 230509b bl.||||| |||| 00| 0 por d
040 _aBR-BrBNA
_bpor
_cBiblioteca Nacional de Agricultura
041 _a(Por)
072 _aE50
_b/G514
090 _ E50 BR7375220
100 1 _aAnon.
245 1 _aAs colonias agricolas nacionais e a valorizacao do trabalhador brasileiro
260 3 _aRio de Janeiro, GB (Brasil):
_c1941.
300 _a73 p.
650 _aTRABALHADOR RURAL
650 _aCOLONIZACAO
909 _a202309
_bLucia
_c55
_dLucia Elande
942 _cBK
999 _c18705
_d18705